Lo nunca visto : (Registro nro. 186701)

Detalles MARC
000 -LEADER
campo de control de longitud fija 01346nam a2200289 i 4500
001 - NÚMERO DE CONTROL
campo de control 186701
003 - IDENTIFICADOR DE NÚMERO DE CONTROL
campo de control SpMaBN
005 - FECHA Y HORA DE LA ÚLTIMA TRANSACCIÓN
campo de control 20250817062601.0
008 - DATOS DE LONGITUD FIJA--INFORMACIÓN GENERAL
campo de control de longitud fija 170207s2016 sp a c |||| | spa d
020 ## - NÚMERO INTERNACIONAL ESTÁNDAR DEL LIBRO
Número Internacional Estándar del Libro 978-84-7075-634-4
080 ## - NÚMERO DE LA CLASIFICACIÓN DECIMAL UNIVERSAL
Número de la Clasificación Decimal Universal 7.038.21(083.824)
080 ## - NÚMERO DE LA CLASIFICACIÓN DECIMAL UNIVERSAL
Número de la Clasificación Decimal Universal 77(100)"19"(083.824)
245 03 - MENCIÓN DEL TÍTULO
Título Lo nunca visto :
Resto del título de la pintura informalista al fotolibro de postguerra (1945-1965) : Fundación Juan March, Madrid, del 26 de febrero al 5 de junio de 2016 /
Mención de responsabilidad, etc. [comisarios, Manuel Fontán del Junco, Inés Vallejo ; con ensayos de Manuel Fontán del Junco, Juan José Lahuerta, María Dolores Jiménez-Blanco ... et al. ; y más de doscientas ilustraciones].
260 ## - PUBLICACIÓN, DISTRIBUCIÓN, ETC.
Lugar de publicación, distribución, etc. Madrid :
Nombre del editor, distribuidor, etc. Fundación Juan March,
Fecha de publicación, distribución, etc. 2016.
300 ## - DESCRIPCIÓN FÍSICA
Extensión 233 p. :
Otras características físicas principalmente il. col., fot. ;
Dimensiones 26 cm +
Material acompañante/anejo 1 periódico (112 p., [2] p.: il., fot.)
500 ## - NOTA GENERAL
Nota general Índices.
650 #4 - PUNTO DE ACCESO ADICIONAL DE MATERIA--TÉRMINO DE MATERIA
Término de materia o nombre geográfico como elemento de entrada Informalismo (Arte)-
Subdivisión de forma Exposiciones.
9 (RLIN) 161657
650 #4 - PUNTO DE ACCESO ADICIONAL DE MATERIA--TÉRMINO DE MATERIA
Término de materia o nombre geográfico como elemento de entrada Fotografía-
Subdivisión cronológica S.XX-
Subdivisión de forma Exposiciones.
9 (RLIN) 173150
655 #7 - TERMINO DE INDIZACIÓN--GENERO/FORMA
Datos o término principal de género/forma Catálogos de exposiciones
Fuente del término tgfbne
9 (RLIN) 193628
700 1# - ENTRADA AGREGADA--NOMBRE PERSONAL
Nombre de persona Fontán del Junco, Manuel,
Fechas asociadas al nombre 1963-
9 (RLIN) 226485
700 1# - ENTRADA AGREGADA--NOMBRE PERSONAL
Nombre de persona Vallejo, Inés,
Fechas asociadas al nombre 1975-
9 (RLIN) 161658
700 1# - ENTRADA AGREGADA--NOMBRE PERSONAL
Nombre de persona Lahuerta, Juan José.
9 (RLIN) 69660
710 2# - ENTRADA AGREGADA--NOMBRE DE ENTIDAD CORPORATIVA
Nombre de entidad corporativa o nombre de jurisdicción como elemento de entrada Fundación Juan March
9 (RLIN) 4346
852 ## - LOCALIZACIÓN
Ubicación ES-MaACL
Número de control de estantería A-1401
itemnumber 193758
Sublocalización o colección R.151219
Ubicación en estantería Depósito 1
Signatura antigua Olim: N-7001
942 ## - ELEMENTOS DE ENTRADA SECUNDARIOS (KOHA)
Fuente del sistema de clasificación o colocación Clasificación decimal universal
Existencias
Estatus retirado Estado de pérdida Fuente del sistema de clasificación o colocación Estado de daño No para préstamo Biblioteca de origen Biblioteca actual Ubicación en estantería Fecha de adquisición Fuente de adquisición Total de préstamos Signatura topográfica completa Código de barras Visto por última vez Precio de reemplazo Tipo de ítem Koha
    Clasificación decimal universal     Biblioteca del Ateneo de Madrid Biblioteca del Ateneo de Madrid Depósito 1 07/02/2017 Donación   A-14001 1196934 23/02/2023 23/02/2023 Libro impreso